| 000 | 00614nam a2200193Ia 4500 | ||
|---|---|---|---|
| 003 | OSt | ||
| 005 | 20140320103938.0 | ||
| 008 | 140130s9999 xx 000 0 und d | ||
| 020 | _a0439404169 | ||
| 050 |
_aLB 1140.5.L3 _b.L86 2004 |
||
| 100 | _aLunsford, Susan | ||
| 245 |
_cSusan Lunsford. _aTeaching with favorite read-alouds in PreK : _b50 must-have books with lessons and activities that build skills in vocabulary, comprehension, and more / |
||
| 260 |
_bScholastic, _c2004. _aNew York : |
||
| 300 |
_a96 p. : _bill. ; _c26 cm. |
||
| 440 | _v1 | ||
| 942 |
_cBK _2lcc |
||
| 999 |
_c41646 _d41646 |
||